Обзор австро-венгерской печати за 1916 год

Доступно только в Электронных читальных залах Найти на картеНа карте
RUSMARC
00003500nmc2a2200000 x 450
001954d7a08-6acb-4c78-9f22-447fc3400c98
00520160809155533.0
100##$a20140505l19161916k l0rusy0189 ca
1010#$arus
102##$aRU
2001#$aОбзор австро-венгерской печати за 1916 год
$j3 апреля - 30 сентября 1916 г.
$hЧасть 2
251##$cДело
300##$aДело
801#0$aRU
$bРГИА
$c20140505
$gRCR
801#1$aRU
$bГлавНИВЦ
$c20140505
$2rusmarc
801#2$aRU
$bПБ им. Б.Н. Ельцина
$c20160809
$gRCR
$2rusmarc
850##$aРГИА
852##$aРГИА
$eФедеральное казенное учреждение "Российский государственный исторический архив" (РГИА)
$j26
937##$hРГИА
$d11327343
$aASBIBLIO_SCAN
462#0$100149fe4397-7e63-45b2-96e7-fbaf3aeb9b81
$12001
$aОбзоры русской и иностранной периодической печати
$1251
$cОпись
$1852
$j2
461#0$100170bfa5a4-889e-44db-9b74-75899b008a1e
$12001
$aОбзоры печати, выписки и вырезки из печати (коллекция)
$1251
$cФонд
$1852
$j1470
215##$a613 л.
$d36,5х26 см
371##$aДокумент не является опубликованным и широко распространяемым
105##$ay###
1222#$ad
035##$a954d7a08-6acb-4c78-9f22-447fc3400c98
Формат отображения